000 00471nam a2200181Ia 4500
001 9545
005 20260306161726.0
008 260306t2014||||xx |||||||||||||| ||spa||
041 _aESP
082 _a382
_bG71
100 _aGonzález López, Isabel
_eAUT
245 0 _aGestión del comercio exterior de la empresa:
_bmanual teórico y práctico
260 _c2014
300 _a350 páginas :
_c24 cm.
650 _aGEN
654 _aCAN
942 _cLIB
_dJUS
_fJUS
_2ddc
_n
999 _c9545
_d9545